| 000 | 00384nam a2200145 a 4500 | ||
|---|---|---|---|
| 001 | 000031267 | ||
| 005 | 20200930062819.0 | ||
| 008 | 110617s2010 dr a 000 0 spa d | ||
| 040 |
_aDO-SdBNP _bspa _cBNPHU |
||
| 082 |
_axxxx _bM594 |
||
| 245 | 0 | 3 | _aEl metro, antes y después. |
| 260 |
_aSanto Domingo : _bTaller de Letra, _c[201?]. |
||
| 300 |
_a11 p : _bil. ; _c16 p. |
||
| 049 | _aBNPD | ||
| 999 |
_c30759 _d30759 |
||